[Event "BAN-chT"]
[Site "Dhaka"]
[Date "2019.12.15"]
[Round "9.3"]
[White "Subrota, Biswas"]
[Black "Mezanur, Rahman"]
[Result "1-0"]
[WhiteElo "2134"]
[BlackElo "1809"]
[PlyCount "84"]
[EventDate "2019.12.07"]
[EventType "team-tourn"]
[EventRounds "11"]
[EventCountry "BAN"]
[SourceTitle "CBM 193 Extra"]
[Source "ChessBase"]
[SourceDate "2020.01.31"]
[SourceVersion "1"]
[SourceVersionDate "2020.01.31"]
[SourceQuality "1"]
[WhiteTeam "Bangladesh Navy"]
[BlackTeam "Sultana Kamal Smirity Patahgar"]
[WhiteTeamCountry "BAN"]
[BlackTeamCountry "BAN"]

1. d4 Nf6 2. c4 e6 3. Nf3 b6 4. a3 Bb7 5. Nc3 Be7 6. Qc2 c5 7. d5 exd5 8. cxd5 d6 9. e4 Nbd7 10. h3 0-0 11. Bf4 a6 12. a4 Re8 13. Be2 Nf8 14. 0-0 Ng6 15. Bh2 Nd7 16. Nd2 Qc7 17. Rad1 Bf6 18. Nc4 Nde5 19. Ne3 Rad8 20. Kh1 Bc8 21. f4 Nd7 22. g3 Bxc3 23. bxc3 Nf6 24. Bf3 Bxh3 25. Rg1 Bd7 26. Nf5 Bxf5 27. exf5 Ne7 28. g4 b5 29. g5 Nd7 30. axb5 axb5 31. g6 hxg6 32. fxg6 Nxg6 33. Qg2 Kf8 34. f5 Nge5 35. Qxg7+ Ke7 36. Bxe5 dxe5 37. Rg6 Rh8+ 38. Kg1 Rdg8 39. f6+ Ke8 40. d6 Qb6 41. Qxg8+ Rxg8 42. Rxg8+ Nf8 1-0

[Event "BAN-chT"]
[Site "Dhaka"]
[Date "2019.12.09"]
[Round "3.4"]
[White "Mezanur, Rahman"]
[Black "Hossain, Enamul"]
[Result "0-1"]
[WhiteElo "1809"]
[BlackElo "2419"]
[PlyCount "32"]
[EventDate "2019.12.07"]
[EventType "team-tourn"]
[EventRounds "11"]
[EventCountry "BAN"]
[SourceTitle "CBM 193 Extra"]
[Source "ChessBase"]
[SourceDate "2020.01.31"]
[SourceVersion "1"]
[SourceVersionDate "2020.01.31"]
[SourceQuality "1"]
[WhiteTeam "Sultana Kamal Smirity Patahgar"]
[BlackTeam "Saif Sporting Club"]
[WhiteTeamCountry "BAN"]
[BlackTeamCountry "BAN"]

1. e4 c5 2. Nf3 e6 3. d4 cxd4 4. Nxd4 a6 5. Nc3 Qc7 6. Be3 Nf6 7. Bd3 b5 8. 0-0 Bb7 9. a3 Nc6 10. Nxc6 Qxc6 11. Qe2 Rc8 12. Rfe1 Be7 13. f4 0-0 14. e5 Nd5 15. Be4 Nxc3 16. Bxc6 Nxe2+ 0-1